| 000 | 01933nam a22004217a 4500 | ||
|---|---|---|---|
| 001 | 0066000 | ||
| 003 | KOHA_MİRAKIL | ||
| 005 | 20260207004624.0 | ||
| 007 | ta | ||
| 008 | 210304b2004 tu |||gr||||#0|||0|tur | | ||
| 040 |
_aTR-BiSEU _btur _cTR-BiSEU _erda |
||
| 041 | 0 | _atur | |
| 044 | _ctu | ||
| 050 |
_aBQ2132.A1 _bS55 2004 |
||
| 100 | 1 | _aSkjaervo, Prods Oktor. | |
| 240 | 1 | 0 |
_aSutraların sultanı altın ışık Hoten dilinde Suvarṇabhasottamasutra _lTürkçe |
| 245 | 1 |
_aThis most excellent shine of gold, king of kings of sutras the Khotanese Suvarṇabhāsottamasūtra = _bSutraların sultanı altın ışık Hoten dilinde Suvarṇabhasottamasutra/ _cProds Oktor Skjaervo ; Prods Oktor Skjaervo; yayınlayanlar Şinasi Tekin, Gönül alpay Tekin. |
|
| 264 | 1 |
_a[Cambridge, Mass.] : _bDept. of Near Eastern Languages and Civilizations Harvard University _c2004 |
|
| 300 | _a2 cilt; 28 cm. | ||
| 336 |
_ametin _btxt _2rdacontent |
||
| 337 |
_aaracısız _bn _2rdamedia |
||
| 338 |
_acilt _bnc _2rdacarrier |
||
| 490 | 1 |
_aDoğu dilleri ve edebiyatlarının kaynakları ; _v60-61. |
|
| 490 | 1 |
_a Orta Asya kaynakları ; _v5-6 = _a Sources of Oriental languages and literatures ; _v60-61. |
|
| 490 | 1 |
_a Central Asian sources ; _v5-6 |
|
| 500 | _aDizin var. | ||
| 505 | _aContents: v.1 The Khotanese text with English translation and the complete Sanskrit text -- v.2 Manuscripts, commentary, glossary, indexes. | ||
| 650 | 0 |
_aDoğu dilleri ve edebiyatı. _9124320 |
|
| 650 | 0 |
_aBudizm. _9124321 |
|
| 650 | 0 |
_aTripiṭaka. _9124322 |
|
| 650 | 0 |
_aSūtrapiṭaka. _9124323 |
|
| 650 | 0 |
_aSuvarṇaprabhāsasūtra. _9124324 |
|
| 830 | 1 |
_aDoğu dilleri ve edebiyatlarının kaynakları ; _v60-61. _985097 |
|
| 830 | 1 |
_a Orta Asya kaynakları ; _v5-6 = _a Sources of Oriental languages and literatures ; _v60-61. _9124325 |
|
| 830 | 1 |
_a Central Asian sources ; _v5-6 _9124326 |
|
| 907 | _aDin | ||
| 942 |
_2lcc _cBK |
||
| 999 |
_c66383 _d66383 |
||